| 000 | 01281nam a2200205 a 4500 | ||
|---|---|---|---|
| 001 | ASIN1842751387 | ||
| 005 | 20170105102923.0 | ||
| 008 | 131209s2006 xxu eng d | ||
| 020 |
_a1842751387 (hardcover) _c$39.95 |
||
| 020 | _a9788173141362 (hardcover) | ||
| 040 | _a0 | ||
| 100 | 1 | _aComfort, Nicholas. | |
| 245 | 1 | 4 |
_aThe politics book : _ba lexicon of political facts from abu ghraib to zippergate / _cNicholas Comfort. |
| 250 | _aRevised. | ||
| 260 |
_a[S.l.] : _bMethuen Publishing Ltd, _c2006. |
||
| 300 |
_a400 p. ; _c24 cm. |
||
| 520 | _aThe Politics Book is a snapshot of how the language of politics has developed. It has always been the richest of languages, because of the vivid way in which many of our politicians express themselves, from the sound-bites with which they woo the voters to the devastating put-downs they use on each other. If a week in politics is a long time, twelve years is an eternity. It is that long since Brewer's Politics , the precursor of this volume, first appeared, and in that time the lexicon has grown exponentially. Nicholas Comfort is a government relations consultant and author of How to Handle the Media . | ||
| 856 | 4 | 0 |
_3Amazon.com _uhttp://www.amazon.com/exec/obidos/ASIN/1842751387/chopaconline-20 |
| 942 |
_2ddc _cBK |
||
| 999 |
_c15664 _d15664 |
||